Effect of eggplant rootstock on off-season tomato yield at dey eth-sre ampil agricultural research and development center ឥទ្ធិពលនៃគល់ទំរត្រប់លើទិន្នផលប៉េងប៉ោះខុសរដូវនៅមណ្ឌលពិសោធន៍ស្រាវជ្រាវនិងអភិវឌ្ឍន៍កសិកម្មដីឥដ្ឋ-ស្រែអំពិល (Record no. 614)
[ view plain ]
| 000 -LEADER | |
|---|---|
| fixed length control field | 00797nam a22001577a 4500 |
| 003 - CONTROL NUMBER IDENTIFIER | |
| control field | OSt |
| 005 - DATE AND TIME OF LATEST TRANSACTION | |
| control field | 20150917100751.0 |
| 008 - FIXED-LENGTH DATA ELEMENTS--GENERAL INFORMATION | |
| fixed length control field | 150917b xxu||||| |||| 00| 0 eng d |
| 040 ## - CATALOGING SOURCE | |
| Transcribing agency | RUA |
| 082 ## - DEWEY DECIMAL CLASSIFICATION NUMBER | |
| Classification number | AGR LEN 2005 B031 Or.1 |
| 100 ## - MAIN ENTRY--PERSONAL NAME | |
| 9 (RLIN) | 640 |
| Personal name | LENG, SEANGLY. |
| 245 ## - TITLE STATEMENT | |
| Title | Effect of eggplant rootstock on off-season tomato yield at dey eth-sre ampil agricultural research and development center ឥទ្ធិពលនៃគល់ទំរត្រប់លើទិន្នផលប៉េងប៉ោះខុសរដូវនៅមណ្ឌលពិសោធន៍ស្រាវជ្រាវនិងអភិវឌ្ឍន៍កសិកម្មដីឥដ្ឋ-ស្រែអំពិល |
| 260 ## - PUBLICATION, DISTRIBUTION, ETC. (IMPRINT) | |
| Place of publication, distribution, etc. | Phnom Penh |
| Name of publisher, distributor, etc. | RUA |
| Date of publication, distribution, etc. | 2005 |
| 300 ## - PHYSICAL DESCRIPTION | |
| Extent | xiii; 61p. |
| Other physical details | ill. |
| Dimensions | 29cm. |
| 942 ## - ADDED ENTRY ELEMENTS (KOHA) | |
| Source of classification or shelving scheme | |
| Koha item type | AGR |
| Price effective from | Date last seen | Permanent Location | Not for loan | Date acquired | Source of classification or shelving scheme | Koha item type | Lost status | Withdrawn status | Total Renewals | Date last checked out | Total Checkouts | Shelving location | Damaged status | Barcode | Current Location | Full call number |
|---|---|---|---|---|---|---|---|---|---|---|---|---|---|---|---|---|
| 2015-09-17 | 2019-01-26 | Library Block B | 2015-09-17 | AGR | 2019-01-23 | 2 | B031 | RUA001328 | Library Block B | AGR LEN 2005 B031 Or.1 | ||||||
| 2015-09-17 | 2015-09-17 | Library Block B | 2015-09-17 | AGR | B031 | RUA001179 | Library Block B | AGR LEN 2005 B031 Or.2 | ||||||||
| 2015-09-18 | 2016-03-05 | Library Block B | 2015-09-18 | AGR | 2016-03-04 | 1 | B031 | RUA001433 | Library Block B | AGR LEN 2005 B031 Or.3 | ||||||
| 2015-09-18 | 2019-05-27 | Library Block B | 2015-09-18 | AGR | 1 | 2019-03-01 | 5 | B031 | RUA001134 | Library Block B | AGR LEN 2005 B031 Or.4 | |||||
| 2015-09-18 | 2024-05-15 | Library Block B | 2015-09-18 | AGR | 1 | 2024-04-24 | 4 | B031 | RUA001361 | Library Block B | AGR LEN 2005 B031 Or.5 | |||||
| 2016-01-25 | 2016-05-04 | Library Block B | 2016-01-25 | AGR | 2016-04-21 | 1 | RUA035315 | Library Block B | AGR LEN 2005 B031 Or.6 |